Wolf Hall (Record no. 32101)

MARC details
000 -LEADER
fixed length control field 01179nam a22002657a 4500
008 - FIXED-LENGTH DATA ELEMENTS--GENERAL INFORMATION
fixed length control field 091204t xxu||||| |||| 00| 0 eng d
010 ## - LCCN (DPL NO)
LC control number B-365406
020 ## - INTERNATIONAL STANDARD BOOK NUMBER
International Standard Book Number 9780007292417
Terms of availability 699-00
035 ## - SYSTEM CONTROL NUMBER
System control number B-365406
035 ## - SYSTEM CONTROL NUMBER
System control number B-368623
037 ## - SOURCE OF ACQUISITION
Stock number UBH
Source of stock number/acquisition RP/CL/E;21/91/21-11-09/25-11-09/27-11-09/28-11-09
037 ## - SOURCE OF ACQUISITION
Source of stock number/acquisition Pansy Books
040 ## - CATALOGING SOURCE
Original cataloging agency dpl
Language of cataloging eng
082 ## - DEWEY DECIMAL CLASSIFICATION NUMBER
Classification number 823.91422
100 ## - MAIN ENTRY--PERSONAL NAME
Personal name Mantel,Hilary
245 ## - TITLE STATEMENT
Title Wolf Hall
Statement of responsibility, etc by Hilary Mantel
260 ## - PUBLICATION, DISTRIBUTION, ETC. (IMPRINT)
Place of publication, distribution, etc London
Name of publisher, distributor, etc Harper collins publishers
Date of publication, distribution, etc 2009
270 ## - ADDRESS
Address 77-85 Fulham Palace Road
City London W68jB
300 ## - PHYSICAL DESCRIPTION
Extent xiv,653pgs
Other physical details 18cm
942 ## - ADDED ENTRY ELEMENTS (KOHA)
Source of classification or shelving scheme Dewey Decimal Classification
Item type English Books
Classification part 823.91422
Call number suffix DAL
Holdings
Withdrawn status Lost status Source of classification or shelving scheme Damaged status Not for loan Home library Current library Date acquired Source of acquisition Cost, normal purchase price Total Checkouts Total Renewals Full call number Barcode Date last seen Cost, replacement price Koha item type Collection code Copy number
    Dewey Decimal Classification     Central Library Central Library 28/11/2009 RP/CL 699.00 2 1 823.91422 DAL B-365406 06/10/2019 699.00 English Books    
  Written-off vide DLB M. No. 383 dt 16.05.19 Dewey Decimal Classification     Patel Nagar Patel Nagar 07/05/2010 Pansy Books/970/27.1.10/3095/22.1.10/28.1.10 399.00     823.91422 DAL B-368623 07/05/2010 399.00 English Books Non-fiction 1

© Delhi Public Library
Hit Counter
free hit counter